000 00671nam a2200241Ia 4500
003 OSt
005 20220926024437.0
006 a|||||r|||| 00| 0
007 ta
008 220923b |||||||| |||| 00| 0 eng d
020 _a0631140425
037 _cGeneral Book
040 _aRTL
_cRTL
_beng
041 _2eng
_aeng
082 _aRxN26:g, M6
100 _aHoy David Couzens Ed.
245 0 _aFoucault
_b A critical reader
260 _aOxford
_bBasil Blackwell U. K.
_c1986
300 _aviii, 246p
_ccm.
650 _aPhilosophy-Foucault
_9230844
942 _hRxN26:g, M6
_cGB
_2CC
999 _c644248
_d644248